| 000 | 00979nam a2200289 i 4500 | ||
|---|---|---|---|
| 003 | EG-GICUC | ||
| 005 | 20260428092421.0 | ||
| 008 | 260428s1965 be adk|fr|||| 000 0 fre d | ||
| 040 |
_aEG-GiCUC _bfre _cEG-GiCUC _dEG-GiCUC _eRda |
||
| 041 | 0 | _afre | |
| 082 | 0 | 4 |
_221 _a343.432 _bRO . C |
| 092 | 0 | 4 | _221 |
| 099 | _aLaw1 10 343.432 RO . C 1956 | ||
| 100 | 0 |
_aRoye, Roger Van _eAuteur |
|
| 245 | 1 | 3 |
_aLe Code De La Circulation : _bCommentaire juridique et pratique des lois et règlements relatifs à la Circulation Routière / _cRoger Van Roye. |
| 264 | 1 |
_aBruxelles : _bMaison Ferdinand Larcier, _c1956. |
|
| 300 |
_a1191page : _billustration, _c 24 cm. |
||
| 336 |
_2rda contenu _a texte |
||
| 337 |
_2rda medias _aOrdinateur |
||
| 338 |
_2 transporteur rda _a Ressource en ligne |
||
| 504 | _a | ||
| 546 | _aTexte en français | ||
| 650 | 1 | 4 | _aDroit pénal |
| 856 | 4 | 0 | _uhttps://fll.law.cu.edu.eg/fulltext/bks/B10-10685.pdf |
| 905 | _a48 | ||
| 942 |
_2ddc _cBK _e21 _n0 |
||
| 999 |
_c73781 _d73781 |
||